[Event "Hessen Senioren-ch 2012  8th"]
[Site "Bad Sooden-Adf. (14.4.-22.4)"]
[Date "2012.04.20"]
[Round "7.37"]
[White "Von Janta, Lothar"]
[Black "Schmidt, Manfred Dr(37)"]
[Result "0-1"]
[WhiteElo "1656"]
[BlackElo "1850"]
[PlyCount "64"]
[EventDate "2012.04.??"]
[EventType "swiss"]
[EventRounds "9"]
[EventCountry "GER"]
[WhiteTeam "Berenbostel SV"]
[BlackTeam "Springe SV"]

1. c4 c6 2. Nc3 d5 3. cxd5 cxd5 4. d4 Nf6 5. e3 Nc6 6. Nf3 Bg4 7. Be2 e6 8. O-O
Bd6 9. Nh4 Bxe2 10. Qxe2 O-O 11. Nf3 a6 12. Rd1 Ne4 13. Nxe4 dxe4 14. Nd2 f5
15. g3 Rc8 16. a3 Ne7 17. Nc4 Bb8 18. a4 Nd5 19. Bd2 Qg5 20. Rac1 h5 21. f4 Qg6
22. Kh1 Qf7 23. Na5 g6 24. Nb3 Bd6 25. Qe1 Qd7 26. a5 Qb5 27. Rxc8 Rxc8 28. Rc1
Rxc1 29. Nxc1 Qxb2 30. Qd1 Qb5 31. Kg1 Qb2 32. Kf1 Bb4 0-1

[Event "Hessen Senioren-ch 2012  8th"]
[Site "Bad Sooden-Adf. (14.4.-22.4)"]
[Date "2012.04.20"]
[Round "7.38"]
[White "Berger, Volkmar"]
[Black "Mertens, Gottfried"]
[Result "0-1"]
[WhiteElo "1648"]
[BlackElo "1829"]
[PlyCount "60"]
[EventDate "2012.04.??"]
[EventType "swiss"]
[EventRounds "9"]
[EventCountry "GER"]
[WhiteTeam "Cottbus Senioren SC"]
[BlackTeam "Weinheim 1911 SK"]

1. d4 e6 2. Nf3 f5 3. c4 Nf6 4. Nc3 Be7 5. g3 O-O 6. Bg2 d6 7. O-O a5 8. a4 Nc6
9. e3 e5 10. b3 e4 11. Ne1 Nb4 12. d5 Nd7 13. Ba3 Bf6 14. Nb5 Na6 15. Rc1 Ndc5
16. Rb1 Qe7 17. Nd4 Bd7 18. Qd2 b6 19. Bh3 g6 20. Bg2 Bg7 21. Ndc2 Rae8 22. Bb2
Nxb3 23. Qd1 Bxb2 24. Rxb2 Nbc5 25. Na3 Qe5 26. Qd4 Bxa4 27. Nb5 Bxb5 28. Rxb5
Nb4 29. f4 exf3 30. Rxf3 Qxd4 0-1

[Event "Hessen Senioren-ch 2012  8th"]
[Site "Bad Sooden-Adf. (14.4.-22.4)"]
[Date "2012.04.20"]
[Round "7.39"]
[White "Daebel, Hasso Dr"]
[Black "Klein, Klaus(36)"]
[Result "0-1"]
[WhiteElo "1473"]
[BlackElo "1823"]
[PlyCount "100"]
[EventDate "2012.04.??"]
[EventType "swiss"]
[EventRounds "9"]
[EventCountry "GER"]
[WhiteTeam "Drewer 54 SG"]
[BlackTeam "Heidelberg SF"]

1. Nf3 d5 2. d4 Nf6 3. h3 c6 4. Bf4 Bf5 5. Nbd2 e6 6. e3 Bd6 7. Bxd6 Qxd6 8. g4
Bg6 9. Ne5 Nfd7 10. Nxg6 hxg6 11. Nb3 c5 12. dxc5 Nxc5 13. c3 Nc6 14. Bb5 O-O-O
15. Bxc6 Qxc6 16. Nxc5 Qxc5 17. Qd4 Qxd4 18. cxd4 Rh4 19. Kf1 Kd7 20. Rc1 Rhh8
21. Kg2 Rc8 22. Rc3 Rxc3 23. bxc3 Rc8 24. Rc1 b5 25. Rb1 Kc6 26. Rb3 Kb6 27. a4
a6 28. f3 Rc4 29. axb5 axb5 30. Kf2 Ka5 31. Ra3+ Ra4 32. Rb3 Ra2+ 33. Kg3 g5
34. e4 dxe4 35. fxe4 f6 36. Kf3 Rd2 37. Ke3 Rh2 38. e5 fxe5 39. dxe5 Kb6 40.
Kd4 Rxh3 41. Rb1 Rg3 42. Rb4 Rxg4+ 43. Kd3 Rxb4 44. cxb4 Kc6 45. Ke4 g6 46. Kd4
g4 47. Ke3 Kd5 48. Kf4 g3 49. Kxg3 Kxe5 50. Kf3 Kd4 0-1

[Event "Hessen Senioren-ch 2012  8th"]
[Site "Bad Sooden-Adf. (14.4.-22.4)"]
[Date "2012.04.20"]
[Round "7.40"]
[White "Holscher, Peter"]
[Black "Willms, Willi"]
[Result "1-0"]
[WhiteElo "1959"]
[BlackElo "1695"]
[PlyCount "77"]
[EventDate "2012.04.??"]
[EventType "swiss"]
[EventRounds "9"]
[EventCountry "GER"]
[WhiteTeam "NED/Hoorn Caissa"]
[BlackTeam "Rheydter SV"]
[WhiteTeamCountry "NED"]

1. d4 d5 2. c4 c6 3. Nf3 Nf6 4. g3 g6 5. Bg2 Bg7 6. Nc3 e6 7. O-O O-O 8. Qd3
Nbd7 9. Bf4 Nh5 10. Bg5 dxc4 11. Qxc4 Nb6 12. Qb3 Qc7 13. a4 Nd5 14. e4 Nxc3
15. bxc3 Nf6 16. Bf4 Qe7 17. Rfe1 Rd8 18. e5 Nd5 19. Bg5 f6 20. exf6 Bxf6 21.
h4 Rf8 22. c4 Nc7 23. Rad1 Bxg5 24. Nxg5 h6 25. Nf3 Qf6 26. Re5 Kg7 27. Rde1
Rf7 28. R1e4 Rb8 29. Rf4 Qe7 30. Rxf7+ Qxf7 31. Nd2 Bd7 32. Qc3 Kh7 33. h5 g5
34. Be4+ Kh8 35. Bg6 Qg7 36. Qa5 Na6 37. Ne4 Rf8 38. Qd2 Qf6 39. Nxf6 1-0

[Event "Hessen Senioren-ch 2012  8th"]
[Site "Bad Sooden-Adf. (14.4.-22.4)"]
[Date "2012.04.20"]
[Round "7.41"]
[White "Kienel, Norbert"]
[Black "Just, Joachim"]
[Result "0-1"]
[WhiteElo "1696"]
[BlackElo "1881"]
[PlyCount "86"]
[EventDate "2012.04.??"]
[EventType "swiss"]
[EventRounds "9"]
[EventCountry "GER"]
[WhiteTeam "Osnabrück SV"]
[BlackTeam "Zeitz Motor SV"]

1. d4 d5 2. c4 c6 3. e3 Nf6 4. Nc3 g6 5. Bd3 Bg7 6. Nf3 Bg4 7. O-O O-O 8. h3
Bxf3 9. Qxf3 e6 10. b4 dxc4 11. Bxc4 Nd5 12. Nxd5 exd5 13. Bb3 Nd7 14. Bb2 Nf6
15. Rfd1 Ne4 16. Rac1 Rc8 17. a3 Kh8 18. Rc2 Qd7 19. Rdc1 f5 20. Qe2 f4 21.
exf4 Rxf4 22. f3 Nd6 23. Qd2 Rcf8 24. a4 Bh6 25. b5 Rh4 26. Qe1 Nf5 27. bxc6
bxc6 28. Qe5+ Bg7 29. Qe1 Re8 30. Re2 Rxe2 31. Qxe2 Nxd4 32. Qf2 Nxb3 33. Bxg7+
Kxg7 34. Qb2+ Nd4 35. g3 Qxh3 36. gxh4 Qg3+ 37. Kh1 Qxf3+ 38. Kg1 Qg3+ 39. Kf1
Qd3+ 40. Kg1 Kh6 41. Kh1 Ne2 42. Kh2 Qg3+ 43. Kh1 Qh3# 0-1

[Event "Hessen Senioren-ch 2012  8th"]
[Site "Bad Sooden-Adf. (14.4.-22.4)"]
[Date "2012.04.20"]
[Round "7.42"]
[White "Schlag, Franz"]
[Black "Brandt, Fred(36)"]
[Result "0-1"]
[WhiteElo "1837"]
[BlackElo "1687"]
[PlyCount "108"]
[EventDate "2012.04.??"]
[EventType "swiss"]
[EventRounds "9"]
[EventCountry "GER"]
[WhiteTeam "Bad Hersfeld SK"]
[BlackTeam "Berlin Königsjäger SW SV"]

1. e4 e5 2. Nf3 Nf6 3. Bc4 Nc6 4. O-O Be7 5. c3 Nxe4 6. Bd5 Nf6 7. Bxc6 dxc6 8.
Nxe5 O-O 9. d4 Be6 10. Bg5 Nd7 11. Bxe7 Qxe7 12. Nd2 Nxe5 13. dxe5 Rad8 14. Qe2
Bf5 15. Rfe1 Rd7 16. Nb3 c5 17. Rad1 Rfd8 18. f4 b6 19. g4 Bd3 20. Qf3 Bc4 21.
Rxd7 Qxd7 22. h3 Bd5 23. Qe3 Bb7 24. Qg3 Qd5 25. Kf2 Qc4 26. f5 Ba6 27. e6 fxe6
28. Qxc7 Rf8 29. Nd2 Qd5 30. Nf3 Bb7 31. Nh4 exf5 32. g5 Ba8 33. Re2 f4 34. Qe5
Qd3 35. Qe6+ Kh8 36. Nf5 Qxh3 37. Re5 Qg2+ 38. Ke1 Qg1+ 39. Kd2 Qxg5 40. Nd6
Qd8 41. Kc1 Qf6 42. Qxf6 gxf6 43. Rf5 f3 44. Rf4 Kg7 45. Nf5+ Kg6 46. Ne3 h5
47. Kd2 Re8 48. Rh4 Kg5 49. Rh2 f5 50. b3 Re7 51. Nf1 h4 52. Kd1 Be4 53. Rd2
Kf4 54. Rh2 Rh7 0-1

[Event "Hessen Senioren-ch 2012  8th"]
[Site "Bad Sooden-Adf. (14.4.-22.4)"]
[Date "2012.04.20"]
[Round "7.43"]
[White "Mentel, Juergen Dr"]
[Black "Husser, Oskar"]
[Result "1-0"]
[WhiteElo "1879"]
[BlackElo "1649"]
[PlyCount "46"]
[EventDate "2012.04.??"]
[EventType "swiss"]
[EventRounds "9"]
[EventCountry "GER"]
[WhiteTeam "Greifswalder SV"]
[BlackTeam "Falkensee Caissa SC"]

1. e4 d5 2. exd5 Nf6 3. Nf3 Qxd5 4. d4 Bg4 5. Be2 Nc6 6. c4 Qd6 7. c5 Qd7 8.
O-O e6 9. Be3 Be7 10. Nc3 O-O 11. Qa4 Rfd8 12. Rfd1 Nd5 13. Nxd5 Qxd5 14. h3
Bh5 15. Bd2 Bf6 16. g4 Bg6 17. g5 Be4 18. gxf6 Bxf3 19. Bxf3 Qxf3 20. fxg7 Re8
21. d5 Qxh3 22. d6 cxd6 23. cxd6 f5 1-0

[Event "Hessen Senioren-ch 2012  8th"]
[Site "Bad Sooden-Adf. (14.4.-22.4)"]
[Date "2012.04.20"]
[Round "7.45"]
[White "Micheel, Peter"]
[Black "Causevic, Ismet"]
[Result "1/2-1/2"]
[WhiteElo "1697"]
[BlackElo "1841"]
[PlyCount "42"]
[EventDate "2012.04.??"]
[EventType "swiss"]
[EventRounds "9"]
[EventCountry "GER"]
[WhiteTeam "Graal-Müritz SSC"]
[BlackTeam "Forst 1971 SF"]

1. e4 c5 2. Nf3 Nc6 3. Bb5 g6 4. O-O Bg7 5. Nc3 a6 6. Bxc6 dxc6 7. d3 Nf6 8. h3
O-O 9. Be3 b6 10. Qd2 Be6 11. Bh6 Qd7 12. Bxg7 Kxg7 13. Ng5 h6 14. Nxe6+ Qxe6
15. Qe3 Qe5 16. f4 Qd4 17. Qxd4 cxd4 18. Ne2 c5 19. b3 e6 20. g4 Nd7 21. Ng3 f6
1/2-1/2

[Event "Hessen Senioren-ch 2012  8th"]
[Site "Bad Sooden-Adf. (14.4.-22.4)"]
[Date "2012.04.20"]
[Round "7.46"]
[White "Fromme, Werner"]
[Black "Tuertmann, Dieter"]
[Result "1/2-1/2"]
[WhiteElo "1653"]
[BlackElo "1806"]
[PlyCount "143"]
[EventDate "2012.04.??"]
[EventType "swiss"]
[EventRounds "9"]
[EventCountry "GER"]
[WhiteTeam "Witten SG"]
[BlackTeam "Eberswalde 1949 ESV"]

1. d4 f5 2. c4 Nf6 3. Nc3 e6 4. g3 d6 5. Bg2 Be7 6. Bg5 O-O 7. Bxf6 Bxf6 8. e3
Nd7 9. Nge2 Re8 10. O-O e5 11. Nd5 c6 12. Nxf6+ Qxf6 13. dxe5 Nxe5 14. Qc2 Be6
15. b3 Rad8 16. Rad1 Qf7 17. h4 d5 18. c5 Kh8 19. Nf4 Bc8 20. a4 g6 21. Qc3 Qg7
22. Qd4 Ng4 23. Qxg7+ Kxg7 24. Rd4 Nf6 25. Rfd1 h6 26. Bf3 Ne4 27. Bxe4 fxe4
28. Re1 Bg4 29. Kh2 g5 30. Ng2 Bf3 31. Rd2 Rf8 32. Rg1 Kf6 33. Ne1 Bg4 34. Rg2
Kg6 35. Kg1 b6 36. cxb6 axb6 37. hxg5 hxg5 38. Rh2 Rfe8 39. Nc2 Bf3 40. Nd4 c5
41. Nxf3 exf3 42. Rd1 d4 43. exd4 Rxd4 44. Rb1 Rd3 45. Kf1 Rd2 46. g4 Ree2 47.
Kg1 Rd4 48. Rh3 Rxg4+ 49. Kf1 Rh4 50. Rxf3 Ree4 51. Kg2 Reg4+ 52. Rg3 Rxg3+ 53.
fxg3 Rb4 54. Rc1 Rxb3 55. a5 bxa5 56. Rxc5 a4 57. g4 a3 58. Ra5 Rb2+ 59. Kf3 a2
60. Ra6+ Kf7 61. Ke4 Rf2 62. Ke5 Rf4 63. Ra7+ Ke8 64. Rxa2 Rxg4 65. Kf6 Rg1 66.
Rf2 g4 67. Kg5 g3 68. Rf3 g2 69. Rf2 Ke7 70. Kg4 Ke6 71. Kg3 Ke5 72. Rxg2
1/2-1/2

[Event "Hessen Senioren-ch 2012  8th"]
[Site "Bad Sooden-Adf. (14.4.-22.4)"]
[Date "2012.04.20"]
[Round "7.47"]
[White "Schumacher, Helmut(31)"]
[Black "Mayeres, Hans-Christian"]
[Result "1/2-1/2"]
[WhiteElo "1847"]
[BlackElo "1663"]
[PlyCount "50"]
[EventDate "2012.04.??"]
[EventType "swiss"]
[EventRounds "9"]
[EventCountry "GER"]
[WhiteTeam "Aachen St. Josef DJK"]
[BlackTeam "Recklinghausen 06 SK"]

1. d4 Nf6 2. Nc3 c5 3. d5 d6 4. e4 g6 5. Nf3 Bg7 6. Be2 O-O 7. O-O e6 8. h3
exd5 9. exd5 Na6 10. Bf4 Nc7 11. a4 b6 12. Qd2 Bb7 13. Bc4 Qd7 14. Qd3 Nfe8 15.
Rfe1 f5 16. Re2 Nf6 17. Rae1 Rae8 18. Bb5 Nxb5 19. axb5 Rxe2 20. Rxe2 Re8 21.
Rxe8+ Nxe8 22. Nd1 Nf6 23. c4 h6 24. h4 Qc7 25. Nc3 Kh7 1/2-1/2

[Event "Hessen Senioren-ch 2012  8th"]
[Site "Bad Sooden-Adf. (14.4.-22.4)"]
[Date "2012.04.20"]
[Round "7.48"]
[White "Berger, Eduard"]
[Black "Nietsch, Horst"]
[Result "1-0"]
[WhiteElo "1677"]
[BlackElo "1831"]
[PlyCount "81"]
[EventDate "2012.04.??"]
[EventType "swiss"]
[EventRounds "9"]
[EventCountry "GER"]
[WhiteTeam "Stadtallendorf SK"]
[BlackTeam "Berlin Weißensee 49 SG"]

1. e4 c5 2. Nc3 Nc6 3. Bc4 e6 4. f4 a6 5. a3 g6 6. Nf3 Bg7 7. d3 Nge7 8. Qe2 b5
9. Ba2 O-O 10. Be3 Nd4 11. Qf2 Nec6 12. e5 Nxf3+ 13. gxf3 d6 14. exd6 Nd4 15.
Ne4 Bb7 16. c3 Nf5 17. Bxc5 Re8 18. Bb6 Qd7 19. Nc5 Qxd6 20. Nxb7 Qxd3 21. Rd1
Bxc3+ 22. bxc3 Qxc3+ 23. Kf1 Rab8 24. Nd6 Nxd6 25. Rxd6 Qxa3 26. Bc5 Qc1+ 27.
Kg2 Qxf4 28. Rhd1 Qg5+ 29. Kh1 Rbc8 30. Be3 Qf5 31. Bb1 Qf6 32. Bd4 Qg5 33. h4
Qf4 34. Be3 Qe5 35. Rxa6 Red8 36. Rxd8+ Rxd8 37. Be4 f5 38. Bc2 f4 39. Bc5 Re8
40. Bd4 Qd5 41. Be4 1-0

[Event "Hessen Senioren-ch 2012  8th"]
[Site "Bad Sooden-Adf. (14.4.-22.4)"]
[Date "2012.04.20"]
[Round "7.49"]
[White "Jung, Michael Prof(40)"]
[Black "Voermans, Adri"]
[Result "0-1"]
[WhiteElo "1621"]
[BlackElo "1906"]
[PlyCount "21"]
[EventDate "2012.04.??"]
[EventType "swiss"]
[EventRounds "9"]
[EventCountry "GER"]
[WhiteTeam "Osnabrück SV"]
[BlackTeam "NED/Den Haag DD"]
[BlackTeamCountry "NED"]

1. c4 Nf6 2. Nc3 g6 3. g3 c6 4. Bg2 Bg7 5. e4 d6 6. Nge2 Nbd7 7. O-O O-O 8. d3
a6 9. Be3 Ng4 10. h3 Nge5 11. Bf4 0-1

[Event "Hessen Senioren-ch 2012  8th"]
[Site "Bad Sooden-Adf. (14.4.-22.4)"]
[Date "2012.04.20"]
[Round "7.50"]
[White "Huhn, Ulrich"]
[Black "Grasmeyer, Klaus-Peter"]
[Result "1-0"]
[WhiteElo "1789"]
[BlackElo "1693"]
[PlyCount "114"]
[EventDate "2012.04.??"]
[EventType "swiss"]
[EventRounds "9"]
[EventCountry "GER"]
[WhiteTeam "Berlin Siemensstadt SF"]
[BlackTeam "Villingen SK"]

1. d4 d5 2. Nc3 c6 3. Bg5 Nd7 4. Nf3 Ngf6 5. e3 e6 6. e4 dxe4 7. Nxe4 Be7 8.
Nxf6+ Nxf6 9. Bd3 b6 10. Qe2 Bb7 11. Rd1 Qc7 12. Bh4 Rd8 13. c3 Nd5 14. Bxe7
Qxe7 15. Qe5 Qf6 16. Qxf6 Nxf6 17. O-O O-O 18. Rfe1 Rd6 19. Ne5 Nd7 20. Nxd7
Rxd7 21. Be4 Rfd8 22. Bf3 Kf8 23. Kf1 Rd6 24. Ke2 Ba6+ 25. Ke3 Bc4 26. Be4 h6
27. b3 Bd5 28. Rc1 R8d7 29. f4 Bxe4 30. Kxe4 Rd5 31. g4 f5+ 32. Kf3 Re7 33. Re3
Kf7 34. h3 fxg4+ 35. hxg4 g6 36. Rce1 h5 37. Re5 hxg4+ 38. Kxg4 Kf6 39. Rh1
Rdd7 40. Rh8 Rh7 41. Rf8+ Rdf7 42. Re8 Re7 43. Rc8 Rc7 44. Rxc7 Rxc7 45. a4 Rd7
46. b4 Rd5 47. b5 Rd6 48. Kf3 cxb5 49. axb5 Rd5 50. Ke4 Rxe5+ 51. fxe5+ Ke7 52.
Kf4 Ke8 53. Kg5 Kf7 54. Kh6 g5 55. Kxg5 Kg7 56. Kh5 Kf7 57. Kh6 Ke7 1-0

[Event "Hessen Senioren-ch 2012  8th"]
[Site "Bad Sooden-Adf. (14.4.-22.4)"]
[Date "2012.04.20"]
[Round "7.51"]
[White "Reimann, Guenther"]
[Black "Gelzinnus, Siegfried"]
[Result "1-0"]
[WhiteElo "1779"]
[BlackElo "1615"]
[PlyCount "85"]
[EventDate "2012.04.??"]
[EventType "swiss"]
[EventRounds "9"]
[EventCountry "GER"]
[WhiteTeam "Magstadt SC"]
[BlackTeam "Wetzlar Anderssen Sfr."]

1. c4 f5 2. e4 fxe4 3. d3 Nf6 4. dxe4 Nc6 5. Nc3 e5 6. a3 Bc5 7. Nf3 O-O 8. Bg5
Be7 9. Be2 d6 10. h3 Be6 11. Bxf6 Rxf6 12. Ng5 Rg6 13. Nxe6 Rxe6 14. Qd5 Qc8
15. Bg4 Nd8 16. Bxe6+ Nxe6 17. O-O c6 18. Qd1 b6 19. Ne2 c5 20. f4 Bf6 21. Qxd6
exf4 22. e5 Bg5 23. Qd5 Qe8 24. Rad1 Kh8 25. Qe4 Qf8 26. g3 Re8 27. gxf4 Bh6
28. Rd7 Re7 29. Rxe7 Qxe7 30. Qa8+ Nf8 31. Rd1 g6 32. Qc6 Bg7 33. Kg2 g5 34.
Qd6 Qf7 35. Qd5 Qf5 36. Ng3 Qc2+ 37. Rd2 Qc1 38. f5 Bh6 39. Re2 g4 40. hxg4 Be3
41. e6 Qg1+ 42. Kf3 Bd4 43. e7 1-0

[Event "Hessen Senioren-ch 2012  8th"]
[Site "Bad Sooden-Adf. (14.4.-22.4)"]
[Date "2012.04.20"]
[Round "7.52"]
[White "Kluger, Hans-Peter"]
[Black "Schiller, Hans(42)"]
[Result "1-0"]
[WhiteElo "1746"]
[BlackElo "1611"]
[PlyCount "93"]
[EventDate "2012.04.??"]
[EventType "swiss"]
[EventRounds "9"]
[EventCountry "GER"]
[WhiteTeam "Fallersleben SF"]
[BlackTeam "Bad Lausick Sfr."]

1. e4 c5 2. Nf3 d6 3. d4 cxd4 4. Nxd4 Nf6 5. Nc3 a6 6. Be2 e6 7. O-O Be7 8. Be3
O-O 9. f4 Nbd7 10. f5 Nc5 11. Bf3 e5 12. Nde2 b5 13. b4 Ncd7 14. Nd5 Nxd5 15.
Qxd5 Nb6 16. Bxb6 Qxb6+ 17. Kh1 Bb7 18. Qb3 Rac8 19. a4 Rc4 20. axb5 axb5 21.
Ng3 Rfc8 22. Bh5 Bh4 23. Rae1 g6 24. fxg6 hxg6 25. Be2 R4c7 26. Qf3 Rf8 27. Bd3
f5 28. Rd1 Bxg3 29. Qxg3 Rg7 30. Qe1 Qc6 31. Qe2 Qc3 32. Bxb5 Bxe4 33. Bc4+ d5
34. Bxd5+ Bxd5 35. Rxd5 e4 36. b5 Rc8 37. Rfd1 Qxc2 38. Qe3 f4 39. Qxf4 g5 40.
Qf5 Rf8 41. Qe6+ Kh7 42. Qh3+ Kg8 43. Qh5 Qf2 44. h3 Qg3 45. Rd8 Qf4 46. R8d6
e3 47. Rh6 1-0

[Event "Hessen Senioren-ch 2012  8th"]
[Site "Bad Sooden-Adf. (14.4.-22.4)"]
[Date "2012.04.20"]
[Round "7.53"]
[White "Heimberg, Guenter"]
[Black "Burckhardt, Karl"]
[Result "1-0"]
[WhiteElo "1658"]
[BlackElo "1725"]
[PlyCount "103"]
[EventDate "2012.04.??"]
[EventType "swiss"]
[EventRounds "9"]
[EventCountry "GER"]
[WhiteTeam "Wennigsen SK"]
[BlackTeam "Fulda SC"]

1. c4 f5 2. Nc3 Nf6 3. d4 e6 4. g3 Bb4 5. Bg2 Ne4 6. Qc2 d5 7. c5 Bxc3+ 8. bxc3
b6 9. f3 Nf6 10. Ba3 b5 11. Bc1 O-O 12. Nh3 Qe7 13. O-O e5 14. Bg5 c6 15. Nf2
h6 16. Bc1 e4 17. Bf4 Re8 18. Rfe1 Nbd7 19. Bd6 Qf7 20. Bh3 Nf8 21. a4 g6 22.
axb5 cxb5 23. Qc1 Kg7 24. f4 Bb7 25. g4 e3 26. Nd3 fxg4 27. Ne5 Qe6 28. Bg2 g3
29. Qxe3 gxh2+ 30. Kh1 Ng4 31. Qf3 Nxe5 32. Bxe5+ Kh7 33. Bh3 Qf7 34. Kxh2 a6
35. Rf1 Bc8 36. f5 Bxf5 37. Bxf5 Qxf5 38. Qxf5 gxf5 39. Rxf5 Ne6 40. Rf7+ Kg8
41. Rf6 Kh7 42. Raf1 Rf8 43. Rxf8 Rxf8 44. Rxf8 Nxf8 45. c6 Ne6 46. c7 Nxc7 47.
Bxc7 Kg6 48. Kg3 Kf6 49. Kf3 h5 50. Bd8+ Ke6 51. e4 Kd7 52. Ba5 1-0

[Event "Hessen Senioren-ch 2012  8th"]
[Site "Bad Sooden-Adf. (14.4.-22.4)"]
[Date "2012.04.20"]
[Round "7.54"]
[White "Piastowski, Kurt"]
[Black "Narr, Irmgard"]
[Result "1-0"]
[WhiteElo "1749"]
[BlackElo "1485"]
[PlyCount "89"]
[EventDate "2012.04.??"]
[EventType "swiss"]
[EventRounds "9"]
[EventCountry "GER"]
[WhiteTeam "Lüneburg Turm SC"]
[BlackTeam "Mühlhof-Rdf. SC"]

1. d4 Nf6 2. Nf3 b6 3. e3 Bb7 4. b3 e6 5. Bb2 Be7 6. Nbd2 d6 7. Bd3 O-O 8. O-O
Nbd7 9. Re1 c5 10. c4 Re8 11. Qe2 d5 12. Bc2 Qc7 13. Rad1 cxd4 14. exd4 dxc4
15. bxc4 Bd6 16. Ne5 Bb4 17. Rf1 Rad8 18. Ndf3 Bxf3 19. Nxf3 Nf8 20. Rc1 Rc8
21. Ne5 Red8 22. Rfd1 Qb7 23. Bd3 Rc7 24. g4 h6 25. h4 N6d7 26. g5 Nxe5 27.
dxe5 Rcd7 28. Bc2 hxg5 29. Rxd7 Rxd7 30. Rd1 gxh4 31. Bc1 Rxd1+ 32. Qxd1 Qc7
33. Qd4 Qe7 34. Qg4 Qc5 35. Qe4 Qe7 36. Qg4 f5 37. exf6 Qxf6 38. Bg5 Qa1+ 39.
Kg2 Bc5 40. Bxh4 Qe1 41. Qg3 Bd4 42. Be7 Be5 43. Qf3 Nd7 44. Bg6 Qd2 45. Qf7+
1-0

[Event "Hessen Senioren-ch 2012  8th"]
[Site "Bad Sooden-Adf. (14.4.-22.4)"]
[Date "2012.04.20"]
[Round "7.55"]
[White "Viererbe, Hartmut"]
[Black "Rollwitz, Juergen"]
[Result "1/2-1/2"]
[WhiteElo "1607"]
[BlackElo "1755"]
[PlyCount "34"]
[EventDate "2012.04.??"]
[EventType "swiss"]
[EventRounds "9"]
[EventCountry "GER"]
[WhiteTeam "Nordhausen 51 SC"]
[BlackTeam "Berlin Wedding SG"]

1. Nf3 g6 2. d4 Bg7 3. e4 d6 4. Be3 Nf6 5. Bd3 c6 6. h3 Qc7 7. c3 Nbd7 8. O-O
O-O 9. Re1 b6 10. Nbd2 Bb7 11. Nf1 e5 12. Ng3 a6 13. Rc1 c5 14. d5 h6 15. Qd2
Kh7 16. Nh4 Ng8 17. c4 Qd8 1/2-1/2

[Event "Hessen Senioren-ch 2012  8th"]
[Site "Bad Sooden-Adf. (14.4.-22.4)"]
[Date "2012.04.20"]
[Round "7.56"]
[White "Draxler, Gottfried"]
[Black "Bill, Eugen"]
[Result "1/2-1/2"]
[WhiteElo "1697"]
[BlackElo "1558"]
[PlyCount "55"]
[EventDate "2012.04.??"]
[EventType "swiss"]
[EventRounds "9"]
[EventCountry "GER"]
[WhiteTeam "Neuberg Sfr."]
[BlackTeam "Limburg Lahn SV"]

1. d4 Nf6 2. c4 c6 3. Nc3 d5 4. cxd5 cxd5 5. Nf3 Nc6 6. e3 g6 7. a3 a6 8. b4 b5
9. Bb2 Bg7 10. Rc1 Bb7 11. Bd3 O-O 12. O-O Rc8 13. Bb1 e6 14. Qd3 Re8 15. Ne5
Qd6 16. Ne2 Nd7 17. Nxd7 Qxd7 18. f4 Ne7 19. Rxc8 Rxc8 20. Rc1 Nf5 21. Kf2 Nd6
22. Rxc8+ Qxc8 23. Qc2 Nc4 24. Bc1 Qd8 25. g3 h6 26. Nc3 Qb6 27. Nd1 a5 28. Nc3
1/2-1/2

[Event "Hessen Senioren-ch 2012  8th"]
[Site "Bad Sooden-Adf. (14.4.-22.4)"]
[Date "2012.04.20"]
[Round "7.57"]
[White "Janzen, Christian(36)"]
[Black "Wulf, Adalbert"]
[Result "0-1"]
[WhiteElo "1619"]
[BlackElo "1751"]
[PlyCount "112"]
[EventDate "2012.04.??"]
[EventType "swiss"]
[EventRounds "9"]
[EventCountry "GER"]
[WhiteTeam "Berlin Marienfelde TSV"]
[BlackTeam "Ennigerloh-Oelde SV"]

1. e4 d5 2. exd5 Nf6 3. Nf3 Qxd5 4. Nc3 Qd6 5. Be2 Bf5 6. d3 c6 7. g3 e5 8. Be3
Nbd7 9. Qd2 Be7 10. a3 Ng4 11. Ne4 Qc7 12. h3 Nxe3 13. fxe3 h6 14. g4 Be6 15.
Nf2 Nb6 16. e4 O-O-O 17. Qa5 Kb8 18. O-O-O Nd7 19. Qxc7+ Kxc7 20. d4 f6 21.
dxe5 Nxe5 22. Nxe5 fxe5 23. Nd3 Bg5+ 24. Kb1 Bc4 25. Nc1 Rxd1 26. Rxd1 Bxe2 27.
Nxe2 Rf8 28. Nc3 Rf2 29. Rg1 Rh2 30. Rg3 Rh1+ 31. Ka2 Re1 32. Rf3 Bf4 33. Kb3
b5 34. Rd3 Rf1 35. a4 a6 36. axb5 axb5 37. Kb4 Bg5 38. Ne2 Rf2 39. Ng3 Rxc2 40.
Kb3 Rc4 41. Rc3 Rd4 42. Rf3 Rd7 43. Nh5 Kb6 44. Kc3 c5 45. Rd3 Rxd3+ 46. Kxd3
c4+ 47. Kc3 g6 48. Ng3 Kc5 49. Ne2 b4+ 50. Kc2 b3+ 51. Kc3 Bh4 52. Kd2 Bf2 53.
Nc3 Kd4 54. Ke2 Bh4 55. Kd2 Bg5+ 56. Kd1 Kd3 0-1

[Event "Hessen Senioren-ch 2012  8th"]
[Site "Bad Sooden-Adf. (14.4.-22.4)"]
[Date "2012.04.20"]
[Round "7.58"]
[White "Pajcin, Jovan"]
[Black "Hielscher, Klaus-Wieprecht"]
[Result "1-0"]
[WhiteElo "1675"]
[BlackElo "1545"]
[PlyCount "59"]
[EventDate "2012.04.??"]
[EventType "swiss"]
[EventRounds "9"]
[EventCountry "GER"]
[WhiteTeam "Leiden Philidor"]
[BlackTeam "Braunschweiger SF"]

1. e4 c5 2. Nf3 a6 3. d4 cxd4 4. Nxd4 Nf6 5. Nc3 d6 6. Be2 Nc6 7. Be3 e6 8. O-O
Qc7 9. Qd2 Be7 10. f4 O-O 11. Kh1 b5 12. Nxc6 Qxc6 13. e5 Ne8 14. Bf3 d5 15.
Nxd5 exd5 16. Bxd5 Qd7 17. Bxa8 Qxd2 18. Bxd2 Nc7 19. Bf3 f5 20. Ba5 Ne6 21.
Bd5 Kh8 22. c4 Nd4 23. Rad1 Bc5 24. b4 Ba7 25. c5 Nc2 26. Rf3 Bd7 27. Rc3 Nxb4
28. Bxb4 Rc8 29. e6 Bc6 30. Bxc6 1-0

[Event "Hessen Senioren-ch 2012  8th"]
[Site "Bad Sooden-Adf. (14.4.-22.4)"]
[Date "2012.04.20"]
[Round "7.59"]
[White "Burkardt, Robert"]
[Black "Wieprecht, Gerhard"]
[Result "0-1"]
[WhiteElo "1521"]
[BlackElo "1717"]
[PlyCount "96"]
[EventDate "2012.04.??"]
[EventType "swiss"]
[EventRounds "9"]
[EventCountry "GER"]
[WhiteTeam "Fechenheim SV"]
[BlackTeam "Kassel CAISSA SV"]

1. e4 c5 2. Nf3 Nc6 3. d4 cxd4 4. Nxd4 Nf6 5. Nc3 d6 6. h3 g6 7. Nxc6 bxc6 8.
Bd3 Bg7 9. Rb1 O-O 10. O-O d5 11. exd5 cxd5 12. Re1 e6 13. Bg5 Bb7 14. Qd2 Qb6
15. Bh6 Rfd8 16. Bxg7 Kxg7 17. Kh1 Rac8 18. Nd1 Ne4 19. Qe3 d4 20. Qe2 f5 21.
Kg1 Re8 22. f3 Nc5 23. Qe5+ Kg8 24. Qxd4 Rcd8 25. Qe3 Nxd3 26. Qxb6 axb6 27.
cxd3 Rxd3 28. Nc3 Kf7 29. Re5 Rd2 30. Re2 Rxe2 31. Nxe2 e5 32. Nc3 Rd8 33. Re1
Ke6 34. Kf2 Ba6 35. Rd1 Rxd1 36. Nxd1 Kd5 37. g3 Kd4 38. h4 Bc4 39. b3 Bd3 40.
Ne3 b5 41. a4 bxa4 42. bxa4 Kc5 43. Nd1 Bc2 44. Nb2 Kb4 45. Ke3 Kb3 46. a5 Kxb2
47. a6 Ba4 48. a7 Bc6 0-1

[Event "Hessen Senioren-ch 2012  8th"]
[Site "Bad Sooden-Adf. (14.4.-22.4)"]
[Date "2012.04.20"]
[Round "7.60"]
[White "Merettig, Georg"]
[Black "Wilfert, Eva-Maria"]
[Result "1/2-1/2"]
[WhiteElo "1748"]
[BlackElo "1469"]
[PlyCount "44"]
[EventDate "2012.04.??"]
[EventType "swiss"]
[EventRounds "9"]
[EventCountry "GER"]
[WhiteTeam "Wolfenbüttel Caissa SV"]
[BlackTeam "Hof PTSV SK"]

1. Nc3 d5 2. e4 dxe4 3. Nxe4 e6 4. d4 Nf6 5. Bd3 Be7 6. Nf3 h6 7. O-O O-O 8. c3
Nbd7 9. Ng3 Re8 10. Bf4 c5 11. Qc1 Bf8 12. Ne5 cxd4 13. cxd4 Nb6 14. Be3 Bd7
15. f4 Rc8 16. Qd1 Nbd5 17. Bf2 Nxf4 18. Nxd7 Qxd7 19. Bc2 N4d5 20. Ba4 b5 21.
Bb3 a5 22. Be1 Ne3 1/2-1/2